<?xml version="1.0" encoding="UTF-8"?>
<record
    xmlns:xsi="http://www.w3.org/2001/XMLSchema-instance"
    xsi:schemaLocation="http://www.loc.gov/MARC21/slim http://www.loc.gov/standards/marcxml/schema/MARC21slim.xsd"
    xmlns="http://www.loc.gov/MARC21/slim">

  <leader>00761nam a22001337a 4500</leader>
  <datafield tag="040" ind1=" " ind2=" ">
    <subfield code="c">RUA</subfield>
  </datafield>
  <datafield tag="082" ind1=" " ind2=" ">
    <subfield code="a">FIS POE 2012 B184 Or.1</subfield>
  </datafield>
  <datafield tag="100" ind1=" " ind2=" ">
    <subfield code="a">POEURNG, SENGHEANG.</subfield>
  </datafield>
  <datafield tag="245" ind1=" " ind2=" ">
    <subfield code="a">Red tilapia finngerling production through broodstock selection for red color band fast fast growthre, &#x1780;&#x17B6;&#x179A;&#x1795;&#x179B;&#x17B7;&#x178F;&#x1780;&#x17BC;&#x1793;&#x178F;&#x17D2;&#x179A;&#x17B8;&#x1796;&#x17BB;&#x1787;&#x1791;&#x17B7;&#x17A1;&#x17B6;&#x1796;&#x17D2;&#x1799;&#x17B6;&#x1780;&#x17D2;&#x179A;&#x17A0;&#x1798;&#x178F;&#x17B6;&#x1798;&#x179A;&#x1799;&#x17C8;&#x1780;&#x1798;&#x17D2;&#x1798;&#x179C;&#x17B7;&#x1792;&#x17B8;&#x1787;&#x1798;&#x17D2;&#x179A;&#x17BE;&#x179F;&#x1796;&#x17BC;&#x1787;&#x178F;&#x17B6;&#x1798;&#x1794;&#x17C2;&#x1794;&#x179F;&#x17B6;&#x1798;&#x1789;&#x17D2;&#x1789; &#x178A;&#x17BE;&#x1798;&#x17D2;&#x1794;&#x17B8;&#x1794;&#x17B6;&#x1793;&#x1796;&#x178E;&#x17CC;&#x1780;&#x17D2;&#x179A;&#x17A0;&#x1798; &#x1793;&#x17B7;&#x1784;&#x1780;&#x17B6;&#x179A;&#x179B;&#x17BB;&#x17BC;&#x178F;&#x179B;&#x17B6;&#x179F;&#x17CB;&#x179B;&#x17BF;&#x1793;</subfield>
  </datafield>
  <datafield tag="260" ind1=" " ind2=" ">
    <subfield code="a">Phnom Penh</subfield>
    <subfield code="b">RUA</subfield>
    <subfield code="c">2012</subfield>
  </datafield>
  <datafield tag="300" ind1=" " ind2=" ">
    <subfield code="a">x; 37p.</subfield>
    <subfield code="b">ill.</subfield>
    <subfield code="c">29cm.</subfield>
  </datafield>
  <datafield tag="856" ind1=" " ind2=" ">
    <subfield code="u">https://drive.google.com/file/d/1lnn_JMchEzBz1Fak73ZckLWymlbiMyiy/view?usp=sharing</subfield>
  </datafield>
  <datafield tag="942" ind1=" " ind2=" ">
    <subfield code="c">FIS</subfield>
  </datafield>
  <datafield tag="999" ind1=" " ind2=" ">
    <subfield code="c">4051</subfield>
    <subfield code="d">4051</subfield>
  </datafield>
  <datafield tag="952" ind1=" " ind2=" ">
    <subfield code="0">0</subfield>
    <subfield code="1">0</subfield>
    <subfield code="2">ddc</subfield>
    <subfield code="4">0</subfield>
    <subfield code="6">FIS_POE_2012_000000000000000_B184_OR_1</subfield>
    <subfield code="7">0</subfield>
    <subfield code="9">20544</subfield>
    <subfield code="a">LBB</subfield>
    <subfield code="b">LBB</subfield>
    <subfield code="c">B184</subfield>
    <subfield code="d">2015-12-05</subfield>
    <subfield code="l">1</subfield>
    <subfield code="o">FIS POE 2012 B184 Or.1</subfield>
    <subfield code="p">RUA010956</subfield>
    <subfield code="r">2021-01-26</subfield>
    <subfield code="s">2019-12-25</subfield>
    <subfield code="w">2015-12-05</subfield>
    <subfield code="y">FIS</subfield>
  </datafield>
  <datafield tag="952" ind1=" " ind2=" ">
    <subfield code="0">0</subfield>
    <subfield code="1">0</subfield>
    <subfield code="2">ddc</subfield>
    <subfield code="4">0</subfield>
    <subfield code="6">FIS_POE_2012_000000000000000_B184_OR_2</subfield>
    <subfield code="7">0</subfield>
    <subfield code="9">20545</subfield>
    <subfield code="a">LBB</subfield>
    <subfield code="b">LBB</subfield>
    <subfield code="c">B184</subfield>
    <subfield code="d">2015-12-05</subfield>
    <subfield code="l">1</subfield>
    <subfield code="m">1</subfield>
    <subfield code="o">FIS POE 2012 B184 Or.2</subfield>
    <subfield code="p">RUA036705</subfield>
    <subfield code="r">2016-06-11</subfield>
    <subfield code="s">2016-06-07</subfield>
    <subfield code="w">2015-12-05</subfield>
    <subfield code="y">FIS</subfield>
  </datafield>
  <datafield tag="952" ind1=" " ind2=" ">
    <subfield code="0">0</subfield>
    <subfield code="1">0</subfield>
    <subfield code="2">ddc</subfield>
    <subfield code="4">0</subfield>
    <subfield code="6">FIS_POE_2012_000000000000000_B184_OR_3</subfield>
    <subfield code="7">0</subfield>
    <subfield code="9">20546</subfield>
    <subfield code="a">LBB</subfield>
    <subfield code="b">LBB</subfield>
    <subfield code="c">B184</subfield>
    <subfield code="d">2015-12-05</subfield>
    <subfield code="l">1</subfield>
    <subfield code="o">FIS POE 2012 B184 Or.3</subfield>
    <subfield code="p">RUA036826</subfield>
    <subfield code="r">2016-07-15</subfield>
    <subfield code="s">2016-07-04</subfield>
    <subfield code="w">2015-12-05</subfield>
    <subfield code="y">FIS</subfield>
  </datafield>
  <datafield tag="952" ind1=" " ind2=" ">
    <subfield code="0">0</subfield>
    <subfield code="1">0</subfield>
    <subfield code="2">ddc</subfield>
    <subfield code="4">0</subfield>
    <subfield code="6">FIS_POE_2012_000000000000000_B184_OR_4</subfield>
    <subfield code="7">0</subfield>
    <subfield code="9">20547</subfield>
    <subfield code="a">LBB</subfield>
    <subfield code="b">LBB</subfield>
    <subfield code="c">B184</subfield>
    <subfield code="d">2015-12-05</subfield>
    <subfield code="l">3</subfield>
    <subfield code="o">FIS POE 2012 B184 Or.4</subfield>
    <subfield code="p">RUA037675</subfield>
    <subfield code="r">2021-01-26</subfield>
    <subfield code="s">2019-12-25</subfield>
    <subfield code="w">2015-12-05</subfield>
    <subfield code="y">FIS</subfield>
  </datafield>
  <datafield tag="952" ind1=" " ind2=" ">
    <subfield code="0">0</subfield>
    <subfield code="1">0</subfield>
    <subfield code="2">ddc</subfield>
    <subfield code="4">0</subfield>
    <subfield code="6">FIS_POE_2012_000000000000000_B184_OR_5</subfield>
    <subfield code="7">0</subfield>
    <subfield code="9">20548</subfield>
    <subfield code="a">LBB</subfield>
    <subfield code="b">LBB</subfield>
    <subfield code="c">B184</subfield>
    <subfield code="d">2015-12-05</subfield>
    <subfield code="o">FIS POE 2012 B184 Or.5</subfield>
    <subfield code="p">RUA037496</subfield>
    <subfield code="r">2015-12-05</subfield>
    <subfield code="w">2015-12-05</subfield>
    <subfield code="y">FIS</subfield>
  </datafield>
  <datafield tag="952" ind1=" " ind2=" ">
    <subfield code="0">0</subfield>
    <subfield code="1">0</subfield>
    <subfield code="2">ddc</subfield>
    <subfield code="4">0</subfield>
    <subfield code="6">FIS_POE_2012_000000000000000_B184_OR_6</subfield>
    <subfield code="7">0</subfield>
    <subfield code="9">20549</subfield>
    <subfield code="a">LBB</subfield>
    <subfield code="b">LBB</subfield>
    <subfield code="c">B184</subfield>
    <subfield code="d">2015-12-05</subfield>
    <subfield code="o">FIS POE 2012 B184 Or.6</subfield>
    <subfield code="p">RUA027038</subfield>
    <subfield code="r">2015-12-05</subfield>
    <subfield code="w">2015-12-05</subfield>
    <subfield code="y">FIS</subfield>
  </datafield>
</record>
